00580cam a22002171 4500001001300000003000400013005001700017008004100034010001700075035001800092040001800110042001200128050002200140100002600162245002400188250004300212260003300255300002300288650003400311999001700345sa 68018137 DLC20260227112709.0730823s1960 xx 000 0 ind  asa 68018137  a(OCoLC)681718 aDLCcOAUdDLC apremarc00aPL5074b.S38 19601 aSastradiwirya, Oemar.10aPenguraian kalimat. a[Tjet. 2., diperbaharui dan diperluas. aDjakarta]bDjambatanc[1960] avi, 126 p.c19 cm. 0aIndonesian languagexGrammar. c88198d88198